[Event "World Youth & Cadets Rapid Championships"]
[Site "Rhodes, Greece"]
[Date "2022.05.01"]
[Round "2.24"]
[White "Hanache, Kai"]
[Black "Filindash, Nikita"]
[Result "1-0"]
[TimeControl "10'/game & 5\"/move"]
[WhiteElo "1561"]
[BlackElo "1360"]

1. e4 {[%clk 00:10:08]} {[%emt 00:00:02]} e6 {[%clk 00:10:07]} {[%emt
00:00:03]} 2. d4 {[%clk 00:10:11]} {[%emt 00:00:02]} d5 {[%clk 00:10:11]}
{[%emt 00:00:01]} 3. exd5 {[%clk 00:10:14]} {[%emt 00:00:02]} exd5 {[%clk
00:10:15]} {[%emt 00:00:02]} 4. Bd3 {[%clk 00:10:17]} {[%emt 00:00:01]} Bd6
{[%clk 00:10:18]} {[%emt 00:00:02]} 5. Nf3 {[%clk 00:10:21]} {[%emt 00:00:01]}
Nc6 {[%clk 00:10:22]} {[%emt 00:00:02]} 6. O-O {[%clk 00:10:24]} {[%emt
00:00:01]} Nge7 {[%clk 00:10:24]} {[%emt 00:00:03]} 7. c3 {[%clk 00:10:26]}
{[%emt 00:00:03]} O-O {[%clk 00:10:26]} {[%emt 00:00:03]} 8. Re1 {[%clk
00:10:27]} {[%emt 00:00:05]} f6 {[%clk 00:10:13]} {[%emt 00:00:17]} 9. h3
{[%clk 00:10:29]} {[%emt 00:00:03]} Bf5 {[%clk 00:09:31]} {[%emt 00:00:47]} 10.
Bxf5 {[%clk 00:10:31]} {[%emt 00:00:03]} Nxf5 {[%clk 00:09:36]} 11. Qd3 {[%clk
00:10:35]} Qd7 {[%clk 00:09:33]} {[%emt 00:00:08]} 12. Be3 {[%clk 00:10:18]}
{[%emt 00:00:21]} Rae8 {[%clk 00:09:28]} {[%emt 00:00:09]} 13. Nbd2 {[%clk
00:10:21]} {[%emt 00:00:03]} Nxe3 {[%clk 00:09:29]} {[%emt 00:00:04]} 14. Rxe3
{[%clk 00:10:07]} {[%emt 00:00:19]} Bf4 {[%clk 00:09:24]} {[%emt 00:00:11]} 15.
Ree1 {[%clk 00:09:59]} {[%emt 00:00:13]} Rxe1+ {[%clk 00:09:11]} {[%emt
00:00:18]} 16. Rxe1 {[%clk 00:10:02]} {[%emt 00:00:02]} Re8 {[%clk 00:09:15]}
17. Rxe8+ {[%clk 00:09:58]} {[%emt 00:00:09]} Qxe8 {[%clk 00:09:19]} {[%emt
00:00:02]} 18. Qf5 {[%clk 00:10:01]} {[%emt 00:00:01]} Bd6 {[%clk 00:07:59]}
{[%emt 00:01:25]} 19. Qxd5+ {[%clk 00:10:03]} {[%emt 00:00:02]} Kf8 {[%clk
00:08:02]} {[%emt 00:00:03]} 20. Ne4 {[%clk 00:09:45]} {[%emt 00:00:22]} Qe7
{[%clk 00:07:55]} {[%emt 00:00:13]} 21. Nh4 {[%clk 00:09:27]} {[%emt 00:00:23]}
g6 {[%clk 00:07:35]} {[%emt 00:00:26]} 22. Nf3 {[%clk 00:08:58]} {[%emt
00:00:33]} Nd8 {[%clk 00:07:11]} {[%emt 00:00:29]} 23. Nxd6 {[%clk 00:08:27]}
{[%emt 00:00:36]} cxd6 {[%clk 00:07:06]} {[%emt 00:00:10]} 24. Kf1 {[%clk
00:08:30]} {[%emt 00:00:02]} Ne6 {[%clk 00:06:43]} {[%emt 00:00:28]} 25. Qe4
{[%clk 00:08:08]} {[%emt 00:00:28]} Qd7 {[%clk 00:06:19]} {[%emt 00:00:29]} 26.
h4 {[%clk 00:07:38]} {[%emt 00:00:34]} Kf7 {[%clk 00:06:02]} {[%emt 00:00:22]}
27. h5 {[%clk 00:07:35]} {[%emt 00:00:08]} Qb5+ {[%clk 00:06:01]} {[%emt
00:00:06]} 28. Kg1 {[%clk 00:07:14]} {[%emt 00:00:27]} Qxb2 {[%clk 00:05:45]}
{[%emt 00:00:21]} 29. hxg6+ {[%clk 00:07:11]} {[%emt 00:00:07]} hxg6 {[%clk
00:05:49]} {[%emt 00:00:01]} 30. Nh4 {[%clk 00:06:52]} {[%emt 00:00:21]} f5
{[%clk 00:05:00]} {[%emt 00:00:58]} 31. Qe3 {[%clk 00:06:54]} {[%emt 00:00:02]}
Qb1+ {[%clk 00:04:45]} {[%emt 00:00:20]} 32. Kh2 {[%clk 00:06:35]} {[%emt
00:00:24]} g5 {[%clk 00:04:10]} {[%emt 00:00:40]} 33. d5 {[%clk 00:06:12]}
{[%emt 00:00:28]} Nf4 {[%clk 00:03:39]} {[%emt 00:00:36]} 34. Nf3 {[%clk
00:05:54]} {[%emt 00:00:23]} Kf6 {[%clk 00:02:57]} {[%emt 00:00:47]} 35. Qe8
{[%clk 00:05:44]} {[%emt 00:00:14]} Qe4 {[%clk 00:02:27]} {[%emt 00:00:36]} 36.
Qf8+ {[%clk 00:05:45]} {[%emt 00:00:04]} Kg6 {[%clk 00:02:27]} {[%emt
00:00:06]} 37. Qg8+ {[%clk 00:05:45]} {[%emt 00:00:05]} Kf6 {[%clk 00:02:22]}
{[%emt 00:00:08]} 38. Qxg5+ {[%clk 00:05:29]} {[%emt 00:00:22]} Kf7 {[%clk
00:02:27]} {[%emt 00:00:01]} 39. Qh4 {[%clk 00:05:24]} {[%emt 00:00:10]} Kg7
{[%clk 00:02:13]} {[%emt 00:00:19]} 40. Qd8 {[%clk 00:04:02]} {[%emt 00:01:26]}
Nxd5 {[%clk 00:01:20]} {[%emt 00:00:59]} 41. Qxd6 {[%clk 00:03:24]} {[%emt
00:00:42]} Qf4+ {[%clk 00:00:40]} {[%emt 00:00:46]} 42. Qxf4 {[%clk 00:03:25]}
{[%emt 00:00:04]} Nxf4 {[%clk 00:00:44]} 43. Nd4 {[%clk 00:03:09]} {[%emt
00:00:21]} Kf6 {[%clk 00:00:48]} {[%emt 00:00:01]} 44. Kg3 {[%clk 00:03:12]}
Nd5 {[%clk 00:00:50]} {[%emt 00:00:04]} 45. Ne2 {[%clk 00:03:12]} {[%emt
00:00:06]} b5 {[%clk 00:00:49]} {[%emt 00:00:06]} 46. Kf3 {[%clk 00:02:58]}
{[%emt 00:00:16]} Ke5 {[%clk 00:00:44]} {[%emt 00:00:12]} 47. Nd4 {[%clk
00:02:31]} {[%emt 00:00:32]} 1-0

[Event "World Youth & Cadets Rapid Championships"]
[Site "Rhodes, Greece"]
[Date "2022.05.01"]
[Round "2.25"]
[White "Przybys, Bruno"]
[Black "Platonovs, Nikolajs"]
[Result "1-0"]
[TimeControl "10'/game & 5\"/move"]
[WhiteElo "1330"]
[BlackElo "1551"]

1. e4 {[%clk 00:10:08]} {[%emt 00:00:02]} c5 {[%clk 00:10:09]} 2. Nf3 {[%clk
00:10:11]} {[%emt 00:00:02]} d6 {[%clk 00:10:13]} {[%emt 00:00:01]} 3. Bb5+
{[%clk 00:10:15]} {[%emt 00:00:02]} Nd7 {[%emt 00:00:10]} 4. O-O {[%clk
00:10:17]} Ngf6 {[%clk 00:10:08]} {[%emt 00:00:08]} 5. Re1 {[%clk 00:10:19]}
{[%emt 00:00:02]} a6 {[%clk 00:10:09]} {[%emt 00:00:05]} 6. Bxd7+ {[%clk
00:10:15]} {[%emt 00:00:08]} Bxd7 {[%clk 00:09:46]} {[%emt 00:00:28]} 7. e5
{[%clk 00:10:08]} {[%emt 00:00:12]} dxe5 {[%clk 00:09:49]} {[%emt 00:00:02]} 8.
Nxe5 {[%clk 00:10:11]} {[%emt 00:00:02]} e6 {[%clk 00:09:50]} {[%emt 00:00:04]}
9. d3 {[%clk 00:10:00]} {[%emt 00:00:16]} Be7 {[%clk 00:09:42]} {[%emt
00:00:13]} 10. Nc3 {[%clk 00:09:54]} {[%emt 00:00:11]} O-O {[%clk 00:09:34]}
{[%emt 00:00:13]} 11. Bf4 {[%clk 00:09:43]} {[%emt 00:00:09]} b5 {[%clk
00:09:12]} {[%emt 00:00:35]} 12. Qd2 {[%clk 00:09:26]} {[%emt 00:00:21]} b4
{[%clk 00:08:46]} {[%emt 00:00:31]} 13. Ne4 {[%clk 00:09:19]} {[%emt 00:00:10]}
Nd5 {[%clk 00:08:20]} {[%emt 00:00:33]} 14. Be3 {[%clk 00:08:42]} {[%emt
00:00:42]} Rc8 {[%clk 00:07:59]} {[%emt 00:00:27]} 15. Rad1 {[%clk 00:08:17]}
{[%emt 00:00:29]} f6 {[%clk 00:06:40]} {[%emt 00:01:25]} 16. Nf3 {[%clk
00:06:59]} {[%emt 00:01:22]} e5 {[%emt 00:01:01]} 17. c4 {[%clk 00:06:23]} Nb6
{[%clk 00:05:36]} {[%emt 00:00:54]} 18. Ng3 {[%clk 00:05:03]} {[%emt 00:01:26]}
Be6 {[%clk 00:05:08]} {[%emt 00:00:33]} 19. Qc2 {[%clk 00:04:44]} {[%emt
00:00:24]} Qc7 {[%clk 00:04:20]} {[%emt 00:00:52]} 20. b3 {[%clk 00:04:16]}
{[%emt 00:00:34]} Rfd8 {[%clk 00:04:03]} {[%emt 00:00:21]} 21. Nh4 {[%clk
00:03:43]} {[%emt 00:00:38]} Qd7 {[%clk 00:03:34]} {[%emt 00:00:33]} 22. Kh1
{[%clk 00:03:09]} {[%emt 00:00:41]} f5 {[%clk 00:03:28]} {[%emt 00:00:11]} 23.
Nf3 {[%clk 00:03:09]} {[%emt 00:00:05]} Bf6 {[%clk 00:02:45]} {[%emt 00:00:48]}
24. Bg5 {[%clk 00:02:49]} {[%emt 00:00:24]} Qd6 {[%clk 00:02:12]} {[%emt
00:00:38]} 25. Bxf6 {[%clk 00:02:48]} {[%emt 00:00:06]} gxf6 {[%clk 00:02:13]}
{[%emt 00:00:05]} 26. Nh5 {[%clk 00:02:42]} {[%emt 00:00:11]} Kf7 {[%clk
00:01:59]} {[%emt 00:00:18]} 27. Ng3 {[%clk 00:01:59]} {[%emt 00:00:48]} Rd7
{[%clk 00:00:49]} {[%emt 00:01:15]} 28. Nh4 {[%clk 00:02:02]} {[%emt 00:00:02]}
f4 {[%clk 00:00:41]} {[%emt 00:00:13]} 29. Ne4 {[%clk 00:02:01]} {[%emt
00:00:06]} Qe7 {[%clk 00:00:41]} {[%emt 00:00:05]} 30. Qe2 {[%clk 00:01:58]}
{[%emt 00:00:08]} Kg7 {[%clk 00:00:34]} {[%emt 00:00:11]} 31. Qh5 {[%clk
00:01:47]} {[%emt 00:00:15]} Qf7 {[%clk 00:00:32]} {[%emt 00:00:07]} 32. Nf5+
{[%clk 00:01:47]} {[%emt 00:00:05]} Bxf5 {[%clk 00:00:35]} {[%emt 00:00:02]} 33.
Qxf5 {[%clk 00:01:51]} {[%emt 00:00:02]} Rcd8 {[%clk 00:00:27]} {[%emt
00:00:13]} 34. Nxc5 {[%clk 00:01:45]} {[%emt 00:00:11]} Re7 {[%clk 00:00:25]}
{[%emt 00:00:06]} 35. Qg4+ {[%clk 00:01:48]} {[%emt 00:00:02]} Kh8 {[%clk
00:00:27]} {[%emt 00:00:04]} 36. Nxa6 {[%clk 00:01:33]} {[%emt 00:00:20]} Rg8
{[%clk 00:00:24]} {[%emt 00:00:07]} 37. Qf3 {[%clk 00:01:36]} {[%emt 00:00:03]}
Ra7 {[%clk 00:00:21]} {[%emt 00:00:08]} 38. Nxb4 {[%clk 00:01:40]} {[%emt
00:00:02]} Qf8 {[%clk 00:00:17]} {[%emt 00:00:09]} 39. Nd5 {[%clk 00:01:19]}
{[%emt 00:00:26]} Nd7 {[%clk 00:00:12]} {[%emt 00:00:09]} 40. a4 {[%clk
00:01:22]} {[%emt 00:00:03]} Nc5 {[%clk 00:00:14]} {[%emt 00:00:03]} 41. b4
{[%clk 00:01:19]} {[%emt 00:00:09]} Nb3 {[%clk 00:00:08]} {[%emt 00:00:10]} 42.
a5 {[%clk 00:01:03]} {[%emt 00:00:21]} Nd4 {[%clk 00:00:10]} {[%emt 00:00:03]}
43. Qh3 {[%clk 00:01:01]} {[%emt 00:00:05]} Rag7 {[%clk 00:00:10]} {[%emt
00:00:07]} 44. b5 {[%clk 00:00:41]} {[%emt 00:00:25]} Rxg2 {[%clk 00:00:13]}
{[%emt 00:00:02]} 45. Qxg2 {[%clk 00:00:45]} {[%emt 00:00:01]} Rxg2 {[%clk
00:00:16]} {[%emt 00:00:01]} 46. Kxg2 {[%clk 00:00:49]} Qg7+ {[%clk 00:00:10]}
{[%emt 00:00:11]} 47. Kh1 {[%clk 00:00:53]} {[%emt 00:00:03]} Qg4 {[%clk
00:00:12]} {[%emt 00:00:02]} 48. b6 {[%clk 00:00:16]} {[%emt 00:00:42]} Qf3+
{[%clk 00:00:13]} {[%emt 00:00:04]} 49. Kg1 {[%clk 00:00:20]} Qg4+ {[%clk
00:00:16]} 50. Kf1 {[%clk 00:00:19]} {[%emt 00:00:06]} Qh3+ {[%clk 00:00:20]}
{[%emt 00:00:02]} 51. Kg1 {[%clk 00:00:21]} {[%emt 00:00:03]} f3 {[%emt
00:00:03]} 52. Ne3 {[%clk 00:00:20]} {[%emt 00:00:05]} Ne2+ {[%clk 00:00:22]}
{[%emt 00:00:06]} 53. Kh1 {[%clk 00:00:24]} Qc8 {[%clk 00:00:21]} {[%emt
00:00:06]} 54. Rb1 {[%clk 00:00:24]} {[%emt 00:00:05]} Qb7 {[%clk 00:00:23]}
{[%emt 00:00:03]} 55. a6 {[%clk 00:00:26]} {[%emt 00:00:03]} Qf7 {[%clk
00:00:07]} {[%emt 00:00:20]} 56. b7 {[%clk 00:00:29]} {[%emt 00:00:02]} Kg7
{[%clk 00:00:08]} {[%emt 00:00:04]} 57. b8=Q {[%clk 00:00:33]} {[%emt
00:00:01]} Kh6 {[%clk 00:00:11]} 58. Rb7 {[%clk 00:00:35]} {[%emt 00:00:03]}
Qg6 {[%clk 00:00:06]} {[%emt 00:00:10]} 59. Qf8+ {[%clk 00:00:39]} {[%emt
00:00:02]} Kh5 {[%clk 00:00:10]} 60. Rg7 {[%clk 00:00:38]} {[%emt 00:00:05]}
Qh6 {[%clk 00:00:12]} {[%emt 00:00:03]} 61. Qf7+ {[%clk 00:00:35]} {[%emt
00:00:09]} Kh4 {[%clk 00:00:14]} {[%emt 00:00:02]} 62. Rxh7 {[%clk 00:00:39]}
{[%emt 00:00:01]} Ng3+ {[%clk 00:00:17]} {[%emt 00:00:03]} 63. fxg3+ {[%clk
00:00:42]} {[%emt 00:00:02]} Kg5 {[%clk 00:00:19]} {[%emt 00:00:03]} 64. Rxh6
{[%clk 00:00:43]} {[%emt 00:00:05]} 1-0

[Event "World Youth & Cadets Rapid Championships"]
[Site "Rhodes, Greece"]
[Date "2022.05.01"]
[Round "2.26"]
[White "Jalving, August"]
[Black "Advay, Dhoot"]
[Result "1-0"]
[TimeControl "10'/game & 5\"/move"]
[WhiteElo "1538"]
[BlackElo "1320"]

1. e4 {[%clk 00:10:07]} {[%emt 00:00:03]} e5 {[%clk 00:10:14]} {[%emt
00:00:01]} 2. Nf3 {[%clk 00:10:11]} {[%emt 00:00:01]} Nc6 {[%clk 00:10:15]}
{[%emt 00:00:03]} 3. d4 {[%clk 00:10:15]} exd4 {[%clk 00:10:18]} {[%emt
00:00:02]} 4. Bc4 {[%clk 00:10:19]} {[%emt 00:00:02]} Nf6 {[%clk 00:10:20]}
{[%emt 00:00:02]} 5. O-O {[%clk 00:10:21]} {[%emt 00:00:02]} Bc5 {[%clk
00:10:19]} {[%emt 00:00:06]} 6. e5 {[%clk 00:10:18]} {[%emt 00:00:09]} Ne4
{[%clk 00:10:19]} {[%emt 00:00:04]} 7. c3 {[%clk 00:09:58]} {[%emt 00:00:26]}
dxc3 {[%clk 00:09:35]} {[%emt 00:00:48]} 8. Qd5 {[%clk 00:09:58]} {[%emt
00:00:06]} Qe7 {[%clk 00:08:41]} {[%emt 00:00:59]} 9. Qxe4 {[%clk 00:10:01]}
{[%emt 00:00:02]} O-O {[%clk 00:08:39]} {[%emt 00:00:06]} 10. Nxc3 {[%clk
00:10:03]} {[%emt 00:00:04]} Rd8 {[%clk 00:08:25]} {[%emt 00:00:19]} 11. Bg5
{[%clk 00:10:05]} {[%emt 00:00:02]} Qe8 {[%emt 00:00:53]} 12. Bxd8 {[%emt
00:00:03]} Qxd8 {[%clk 00:08:18]} {[%emt 00:00:01]} 13. Qd5 {[%clk 00:12:05]}
{[%emt 00:00:03]} Qe7 {[%clk 00:07:41]} {[%emt 00:00:42]} 14. Ng5 {[%clk
00:12:07]} {[%emt 00:00:04]} Nd8 {[%clk 00:07:07]} {[%emt 00:00:38]} 15. Nce4
{[%clk 00:11:52]} {[%emt 00:00:20]} Bb4 {[%clk 00:06:53]} {[%emt 00:00:19]} 16.
a3 {[%clk 00:11:34]} {[%emt 00:00:24]} c6 {[%clk 00:06:50]} {[%emt 00:00:08]}
17. Qd4 {[%clk 00:11:26]} {[%emt 00:00:12]} c5 {[%clk 00:06:47]} {[%emt
00:00:08]} 18. Qd5 {[%clk 00:11:30]} Ba5 {[%clk 00:06:24]} {[%emt 00:00:28]} 19.
Nd6 {[%clk 00:11:33]} {[%emt 00:00:02]} Ne6 {[%clk 00:04:43]} {[%emt 00:01:46]}
20. Ndxf7 {[%clk 00:11:21]} {[%emt 00:00:17]} Kf8 {[%clk 00:04:16]} {[%emt
00:00:30]} 21. Qf3 {[%clk 00:11:23]} {[%emt 00:00:05]} Ke8 {[%clk 00:03:55]}
{[%emt 00:00:24]} 22. Nd6+ {[%clk 00:11:25]} {[%emt 00:00:04]} Kd8 {[%clk
00:03:53]} {[%emt 00:00:07]} 23. Nxe6+ {[%clk 00:11:03]} {[%emt 00:00:28]} dxe6
{[%clk 00:03:48]} {[%emt 00:00:10]} 24. Rfd1 {[%clk 00:11:00]} {[%emt
00:00:07]} Bd7 {[%clk 00:03:38]} {[%emt 00:00:15]} 25. Qxb7 {[%clk 00:11:04]}
{[%emt 00:00:02]} 1-0

[Event "World Youth & Cadets Rapid Championships"]
[Site "Rhodes, Greece"]
[Date "2022.05.01"]
[Round "2.27"]
[White "Stoyanov, Victor"]
[Black "Modith, Aaroh Mutyalapati"]
[Result "0-1"]
[TimeControl "10'/game & 5\"/move"]
[WhiteElo "1183"]
[BlackElo "1598"]

1. e4 {[%emt 00:37:38]} c5 {[%emt 00:00:01]} 2. Nf3 {[%clk 00:00:00]} {[%emt
00:00:03]} d6 {[%clk 00:00:00]} {[%emt 00:00:03]} 3. d4 {[%clk 00:10:16]}
{[%emt 00:01:30]} cxd4 {[%clk 00:10:18]} {[%emt 00:00:01]} 4. Nxd4 {[%clk
00:10:19]} {[%emt 00:00:02]} Nf6 {[%emt 00:00:02]} 5. Nc3 {[%clk 00:10:18]}
{[%emt 00:00:05]} g6 {[%clk 00:10:26]} {[%emt 00:00:01]} 6. h3 {[%clk
00:10:08]} {[%emt 00:00:15]} Bg7 {[%clk 00:10:30]} {[%emt 00:00:02]} 7. Be3
{[%clk 00:10:11]} {[%emt 00:00:02]} O-O {[%clk 00:10:31]} {[%emt 00:00:03]} 8.
Bc4 {[%clk 00:10:05]} {[%emt 00:00:11]} Nc6 {[%clk 00:10:35]} {[%emt 00:00:02]}
9. O-O {[%clk 00:09:59]} {[%emt 00:00:10]} Bd7 {[%clk 00:10:38]} {[%emt
00:00:02]} 10. Re1 {[%clk 00:09:43]} {[%emt 00:00:20]} Rc8 {[%clk 00:10:25]}
{[%emt 00:00:19]} 11. Qe2 {[%clk 00:09:30]} {[%emt 00:00:18]} Ne5 {[%clk
00:10:26]} {[%emt 00:00:04]} 12. Bb5 {[%clk 00:09:18]} {[%emt 00:00:16]} Rxc3
{[%clk 00:10:03]} {[%emt 00:00:28]} 13. bxc3 {[%clk 00:08:57]} {[%emt
00:00:26]} Nxe4 {[%clk 00:10:05]} {[%emt 00:00:03]} 14. Bxd7 {[%clk 00:08:41]}
{[%emt 00:00:22]} Qxd7 {[%clk 00:10:04]} {[%emt 00:00:06]} 15. Qb5 {[%clk
00:07:56]} {[%emt 00:00:50]} Nxc3 {[%clk 00:10:00]} {[%emt 00:00:08]} 16. Qxd7
{[%clk 00:07:41]} {[%emt 00:00:21]} Nxd7 {[%emt 00:00:46]} 17. Rac1 {[%clk
00:06:53]} {[%emt 00:00:09]} Nxa2 {[%clk 00:09:32]} {[%emt 00:00:36]} 18. Ra1
{[%clk 00:06:44]} {[%emt 00:00:15]} Nb4 {[%clk 00:09:28]} {[%emt 00:00:08]} 19.
Rxa7 {[%clk 00:06:42]} {[%emt 00:00:07]} Bxd4 {[%clk 00:09:29]} {[%emt
00:00:03]} 20. Bxd4 {[%clk 00:06:40]} {[%emt 00:00:08]} Nxc2 {[%clk 00:09:32]}
{[%emt 00:00:02]} 21. Rxe7 {[%clk 00:06:37]} {[%emt 00:00:08]} Nxd4 {[%clk
00:08:51]} {[%emt 00:00:47]} 22. Rxd7 {[%clk 00:06:37]} {[%emt 00:00:03]} Rb8
{[%clk 00:07:43]} {[%emt 00:01:14]} 23. Raxb7 {[%clk 00:06:18]} {[%emt
00:00:24]} Rxb7 {[%clk 00:07:24]} {[%emt 00:00:24]} 24. Rxb7 {[%clk 00:06:22]}
{[%emt 00:00:02]} Kf8 {[%clk 00:07:25]} {[%emt 00:00:03]} 25. Rb6 {[%clk
00:06:09]} {[%emt 00:00:18]} Ke7 {[%clk 00:07:27]} {[%emt 00:00:03]} 26. f3
{[%clk 00:06:06]} {[%emt 00:00:08]} Ke6 {[%clk 00:07:26]} {[%emt 00:00:05]} 27.
Kf2 {[%emt 00:00:07]} h5 {[%clk 00:07:28]} 28. Ke3 {[%clk 00:06:08]} {[%emt
00:00:05]} Nf5+ {[%clk 00:07:25]} {[%emt 00:00:08]} 29. Kf4 {[%clk 00:05:55]}
{[%emt 00:00:18]} f6 {[%clk 00:07:29]} {[%emt 00:00:02]} 30. g4 {[%clk
00:05:55]} {[%emt 00:00:04]} g5+ {[%clk 00:07:23]} {[%emt 00:00:12]} 31. Ke4
{[%clk 00:05:53]} {[%emt 00:00:06]} Ng3+ {[%clk 00:06:31]} {[%emt 00:00:57]} 32.
Kd4 {[%clk 00:05:32]} {[%emt 00:00:26]} h4 {[%clk 00:06:27]} {[%emt 00:00:07]}
33. Rb5 {[%clk 00:05:06]} {[%emt 00:00:33]} Ne2+ {[%clk 00:06:30]} {[%emt
00:00:02]} 34. Ke4 {[%clk 00:04:19]} {[%emt 00:00:52]} Nc3+ {[%emt 00:00:02]}
35. Kd4 {[%emt 00:00:08]} Nxb5+ {[%clk 00:06:23]} {[%emt 00:00:02]} 36. Ke4
{[%clk 00:04:21]} {[%emt 00:00:03]} d5+ {[%clk 00:06:27]} {[%emt 00:00:01]} 37.
Kd3 {[%clk 00:04:25]} {[%emt 00:00:01]} Nd6 {[%clk 00:06:30]} 38. Kd4 {[%clk
00:04:29]} {[%emt 00:00:02]} Nc4 {[%clk 00:06:35]} 39. Kd3 {[%clk 00:04:31]}
{[%emt 00:00:03]} Ne5+ {[%clk 00:06:39]} {[%emt 00:00:01]} 40. Ke3 {[%clk
00:04:33]} {[%emt 00:00:03]} Kd6 {[%clk 00:06:43]} 41. Kf2 {[%clk 00:04:06]}
{[%emt 00:00:32]} d4 {[%clk 00:06:46]} {[%emt 00:00:03]} 42. Ke2 {[%clk
00:03:52]} {[%emt 00:00:19]} Kd5 {[%clk 00:06:49]} {[%emt 00:00:01]} 43. Kf2
{[%clk 00:03:51]} {[%emt 00:00:05]} Kc4 {[%clk 00:06:49]} {[%emt 00:00:06]} 44.
Ke2 {[%clk 00:03:47]} {[%emt 00:00:09]} d3+ {[%clk 00:06:54]} 45. Kd1 {[%clk
00:03:45]} {[%emt 00:00:06]} Nxf3 {[%clk 00:06:57]} {[%emt 00:00:02]} 46. Kc1
{[%emt 00:00:07]} Kc3 {[%clk 00:07:00]} 47. Kd1 {[%clk 00:03:41]} {[%emt
00:00:08]} d2 {[%clk 00:07:03]} {[%emt 00:00:02]} 48. Ke2 {[%clk 00:03:39]}
{[%emt 00:00:07]} Ng1+ {[%clk 00:07:07]} {[%emt 00:00:01]} 49. Kd1 {[%clk
00:03:42]} {[%emt 00:00:02]} Nxh3 {[%clk 00:07:10]} {[%emt 00:00:02]} 50. Ke2
{[%clk 00:03:45]} {[%emt 00:00:02]} Kc2 {[%clk 00:07:12]} {[%emt 00:00:04]} 51.
Kf3 {[%clk 00:03:46]} {[%emt 00:00:04]} d1=Q+ {[%clk 00:07:11]} {[%emt
00:00:06]} 52. Kg2 {[%clk 00:03:49]} Qg1 {[%clk 00:07:06]} {[%emt 00:00:09]} 53.
Kf3 {[%clk 00:03:53]} {[%emt 00:00:02]} Qf2+ {[%clk 00:07:09]} {[%emt
00:00:02]} 54. Ke4 {[%clk 00:03:57]} {[%emt 00:00:01]} Qf4+ {[%clk 00:07:13]}
{[%emt 00:00:01]} 55. Kd5 {[%clk 00:04:00]} {[%emt 00:00:02]} Qe5+ {[%clk
00:07:17]} 56. Kc6 {[%clk 00:04:02]} {[%emt 00:00:03]} f5 {[%clk 00:07:20]}
{[%emt 00:00:02]} 57. gxf5 {[%clk 00:04:05]} {[%emt 00:00:02]} Qxf5 {[%clk
00:07:23]} {[%emt 00:00:02]} 58. Kd6 {[%clk 00:04:08]} {[%emt 00:00:02]} g4
{[%clk 00:07:27]} 59. Kc6 {[%clk 00:04:12]} {[%emt 00:00:01]} g3 {[%clk
00:07:32]} 60. Kd6 {[%clk 00:04:16]} g2 {[%clk 00:07:35]} 61. Kc6 {[%clk
00:04:20]} {[%emt 00:00:01]} g1=Q {[%clk 00:07:31]} {[%emt 00:00:08]} 62. Kd6
{[%clk 00:04:24]} 0-1

[Event "World Youth & Cadets Rapid Championships"]
[Site "Rhodes, Greece"]
[Date "2022.05.01"]
[Round "2.28"]
[White "Pathak, Raghav"]
[Black "Skouroupathis, Kyriakos"]
[Result "1-0"]
[TimeControl "10'/game & 5\"/move"]
[WhiteElo "1415"]
[BlackElo "1236"]

1. e4 {[%clk 00:10:09]} e5 {[%clk 00:10:08]} {[%emt 00:00:02]} 2. Nf3 {[%clk
00:10:12]} {[%emt 00:00:02]} Nf6 {[%clk 00:10:12]} {[%emt 00:00:02]} 3. Bc4
{[%clk 00:10:06]} {[%emt 00:00:11]} Nxe4 {[%emt 00:00:04]} 4. O-O {[%clk
00:09:55]} {[%emt 00:00:15]} d5 {[%clk 00:10:10]} {[%emt 00:00:09]} 5. Bb3
{[%clk 00:09:58]} {[%emt 00:00:02]} Nc6 {[%clk 00:10:09]} {[%emt 00:00:05]} 6.
d3 {[%clk 00:10:02]} {[%emt 00:00:02]} Nf6 {[%clk 00:10:10]} {[%emt 00:00:04]}
7. Re1 {[%clk 00:10:06]} Bd6 {[%clk 00:10:13]} {[%emt 00:00:02]} 8. Nc3 {[%clk
00:10:08]} {[%emt 00:00:03]} d4 {[%clk 00:10:11]} {[%emt 00:00:07]} 9. Ne4
{[%clk 00:09:42]} {[%emt 00:00:30]} Nxe4 {[%clk 00:10:03]} {[%emt 00:00:14]} 10.
Rxe4 {[%clk 00:09:43]} {[%emt 00:00:03]} Bf5 {[%clk 00:09:52]} {[%emt
00:00:16]} 11. Re1 {[%clk 00:09:47]} {[%emt 00:00:02]} O-O {[%clk 00:09:52]}
{[%emt 00:00:05]} 12. Bg5 {[%clk 00:00:00]} {[%emt 00:00:15]} Qd7 {[%clk
00:09:48]} {[%emt 00:00:53]} 13. Nh4 {[%clk 00:11:38]} {[%emt 00:00:15]} Bg6
{[%clk 00:09:45]} {[%emt 00:00:08]} 14. Nxg6 {[%clk 00:11:39]} {[%emt
00:00:04]} hxg6 {[%clk 00:09:48]} {[%emt 00:00:02]} 15. Qf3 {[%clk 00:11:02]}
{[%emt 00:00:41]} Rfe8 {[%clk 00:09:36]} {[%emt 00:00:18]} 16. Qe4 {[%clk
00:11:00]} {[%emt 00:00:06]} a5 {[%clk 00:09:20]} {[%emt 00:00:23]} 17. a4
{[%clk 00:10:56]} {[%emt 00:00:07]} Kh7 {[%clk 00:09:17]} {[%emt 00:00:10]} 18.
Qh4+ {[%clk 00:10:53]} {[%emt 00:00:07]} Kg8 {[%clk 00:09:20]} {[%emt
00:00:03]} 19. h3 {[%clk 00:10:28]} {[%emt 00:00:29]} Bb4 {[%clk 00:08:58]}
{[%emt 00:00:27]} 20. Re4 {[%clk 00:10:16]} {[%emt 00:00:17]} b6 {[%clk
00:08:27]} {[%emt 00:00:36]} 21. Qg3 {[%clk 00:10:09]} {[%emt 00:00:11]} Kf8
{[%clk 00:08:05]} {[%emt 00:00:28]} 22. Rh4 {[%clk 00:10:03]} {[%emt 00:00:10]}
Kg8 {[%clk 00:08:01]} {[%emt 00:00:11]} 23. Bh6 {[%clk 00:09:24]} {[%emt
00:00:40]} gxh6 {[%clk 00:07:34]} {[%emt 00:00:35]} 24. Qxg6+ {[%clk 00:09:28]}
{[%emt 00:00:02]} Kf8 {[%clk 00:07:38]} 25. Qf6 {[%clk 00:09:21]} {[%emt
00:00:10]} Qd6 {[%clk 00:07:20]} {[%emt 00:00:24]} 26. Qxf7# {[%clk 00:10:05]}
{[%emt 00:00:08]} 1-0